000 00369nam a2200157Ia 4500
008 230524s9999 xx 000 0 und d
082 _a621.38
_bBHA
100 _aS.K.Bhattacharya
245 0 _aElectrical Machines
250 _a2ND
260 _aNEW DELHI
_bTMH
_c2006
300 _aXVII;543
500 _aQuantity Number: 2
650 _aElectrical
942 _cBK
999 _c36834
_d36834